00575nam a22001577a 4500003000900000008004100009040007100050082001900121100002000140245003000160260003700190300002800227505012400255650001600379650002200395AR-CdUCM190517b ||||| |||| 00| 0 sp d aMUNICIPALIDAD PROVINCIAL DEL CUSCOcBIBLIOTECA MUNICIPAL DEL CUSCO a818.58 /bSI61 aSinclair, Upton aLa cosecha del dragón / aBuenos Aires :bClaridad,c1951. a604 páginas ;c23 cm. aContenido : Sin Tener en cuenta su destino -- En que cena con el diablo -- Que alegría que no reconozcas límites... aLiteratura. aHistoria novelada